Finite Mathematics: (Record no. 595101)
[ view plain ]
| 000 -LEADER | |
|---|---|
| fixed length control field | 00505nam a2200145 4500 |
| 020 ## - INTERNATIONAL STANDARD BOOK NUMBER | |
| International Standard Book Number | 0669168025 |
| 040 ## - CATALOGING SOURCE | |
| Transcribing agency | NUST |
| 082 ## - DEWEY DECIMAL CLASSIFICATION NUMBER | |
| Classification number | 510,KRA |
| 100 ## - MAIN ENTRY--PERSONAL NAME | |
| Personal name | Kraus, Ann R |
| 9 (RLIN) | 113353 |
| 245 ## - TITLE STATEMENT | |
| Title | Finite Mathematics: |
| Remainder of title | Instructor's Guide / |
| Statement of responsibility, etc. | Ann R. Kraus |
| 260 ## - PUBLICATION, DISTRIBUTION, ETC. | |
| Place of publication, distribution, etc. | America |
| Name of publisher, distributor, etc. | D.C. Heat and Company |
| Date of publication, distribution, etc. | 1991 |
| 300 ## - PHYSICAL DESCRIPTION | |
| Extent | 176 p.; |
| 505 ## - FORMATTED CONTENTS NOTE | |
| Formatted contents note | Summaries (Page-1), Answers to Even Numbered Exercises (Page-10), Bank of Chapter Tests (Page-87), Answer Keys to Chapter Tests (Page-166). |
| 942 ## - ADDED ENTRY ELEMENTS (KOHA) | |
| Source of classification or shelving scheme | |
| Koha item type | Book |
| Call number prefix | 510,KRA |
| Withdrawn status | Lost status | Source of classification or shelving scheme | Damaged status | Not for loan | Permanent Location | Current Location | Shelving location | Date acquired | Total Checkouts | Full call number | Barcode | Date last seen | Price effective from | Koha item type | Public note |
|---|---|---|---|---|---|---|---|---|---|---|---|---|---|---|---|
| Military College of Signals (MCS) | Military College of Signals (MCS) | General Stacks | 07/05/2023 | 510,KRA | MCS7596A | 07/05/2023 | 07/05/2023 | Book | Almirah No.110, Shelf No.1 |
